000
00282nam a22001217a 4500
008
181010b xxu||||| |||| 00| 0 eng d
041
_a
eng
080
_a
311
100
_a
55
101
_a
STA
245
_a
Statistical theories of Mental test scores
_c
Birnbaum,A
942
_2
udc
_c
BK
999
_c
49252
_d
49252